Sorcellerie et justice criminelle : le Parlement de Paris, 16e-18e siecles
Αποθηκεύτηκε σε:
| Κύριος συγγραφέας: | |
|---|---|
| Μορφή: | Βιβλίο |
| Γλώσσα: | Dutch |
| Δημοσίευση: |
Hampshire :
Variorum,
c1992
|
| Σειρά: | Collected studies series
; CS368 |
| Θέματα: | |
| Ετικέτες: |
Προσθήκη ετικέτας
Δεν υπάρχουν, Καταχωρήστε ετικέτα πρώτοι!
|
MARC
| LEADER | 00000pam a2200000 i 4500 | ||
|---|---|---|---|
| 001 | 1/104109 | ||
| 008 | 950529r1992 dut d | ||
| 020 | |a 0-86078-320-0 | ||
| 035 | |l 10013142 | ||
| 040 | |a GR-MY-UA |b gre |e aacr | ||
| 041 | 0 | |a dut | |
| 082 | 0 | |a 345.440288 | |
| 100 | 1 | |a Soman, Alfred. | |
| 245 | 1 | 0 | |a Sorcellerie et justice criminelle : |b le Parlement de Paris, 16e-18e siecles / |c Alfred Soman |
| 260 | |a Hampshire : |b Variorum, |c c1992 | ||
| 300 | |a 1 v. (various pagings); |b ill., maps; |c 24 cm | ||
| 490 | 1 | |a Collected studies series |v ; CS368 | |
| 500 | |a French, English, and Flemish | ||
| 500 | |a Selected articles previously published in various sources | ||
| 504 | |a Includes bibliographic references and index | ||
| 610 | 1 | 0 | |a France. Parlement (Paris) |x History. |
| 650 | 0 | 0 | |a Witchcraft |z France |x History. |
| 650 | 0 | 0 | |a Criminal justice, Administration of |z France |x History. |
| 650 | 0 | 0 | |a Trials (Witchcraft) |z France |x History. |
| 852 | |a INST |b LESVOS |e 19950529 |h 345.440288 SOM |p 005100000357 |q 005100000357 |t BK |y 0 | ||
| 909 | |a Λ |b 026189 | ||